header

Fairbairn and the object-relations tradition / (Record no. 84401)

MARC details
000 -LEADER
fixed length control field 01818nam a2200409 i 4500
001 - CONTROL NUMBER
control field ebr10827816
003 - CONTROL NUMBER IDENTIFIER
control field CaPaEBR
006 - FIXED-LENGTH DATA ELEMENTS--ADDITIONAL MATERIAL CHARACTERISTICS--GENERAL INFORMATION
fixed length control field m o d
007 - PHYSICAL DESCRIPTION FIXED FIELD--GENERAL INFORMATION
fixed length control field cr cn|||||||||
008 - FIXED-LENGTH DATA ELEMENTS--GENERAL INFORMATION
fixed length control field 140127t20142014enka o 001 0 eng d
020 ## - INTERNATIONAL STANDARD BOOK NUMBER
Cancelled/invalid ISBN 9781780490823
International Standard Book Number 9781782411925 (e-book)
040 ## - CATALOGING SOURCE
Original cataloging agency CaPaEBR
Language of cataloging eng
Description conventions rda
-- pn
Transcribing agency CaPaEBR
035 ## - SYSTEM CONTROL NUMBER
System control number (OCoLC)867819063
050 14 - LIBRARY OF CONGRESS CALL NUMBER
Classification number BF175.5.O24
Item number .F357 2014eb
082 04 - DEWEY DECIMAL CLASSIFICATION NUMBER
Classification number 150.195
Edition number 23
245 00 - TITLE STATEMENT
Title Fairbairn and the object-relations tradition /
Statement of responsibility, etc edited by Graham S. Clarke and David E. Scharff ; editors and contributors Eleanore M. Armstrong-Perlman [and thirty one others].
264 #1 - PRODUCTION, PUBLICATION, DISTRIBUTION, MANUFACTURE, AND COPYRIGHT NOTICE
Place of production, publication, distribution, manufacture London, England :
Name of producer, publisher, distributor, manufacturer Karnac,
Date of production, publication, distribution, manufacture, or copyright notice 2014.
Date of production, publication, distribution, manufacture, or copyright notice �2014
300 ## - PHYSICAL DESCRIPTION
Extent 1 online resource (555 pages) :
Other physical details illustrations.
336 ## - CONTENT TYPE
Content type term text
Source rdacontent
337 ## - MEDIA TYPE
Media type term computer
Source rdamedia
338 ## - CARRIER TYPE
Carrier type term online resource
Source rdacarrier
440 #0 - SERIES STATEMENT/ADDED ENTRY--TITLE
Title Lines of development
500 ## - GENERAL NOTE
General note Includes index.
588 ## - SOURCE OF DESCRIPTION NOTE
Source of description note Description based on online resource; title from PDF title page (ebrary, viewed January 27, 2014).
590 ## - LOCAL NOTE (RLIN)
Local note Electronic reproduction. Palo Alto, Calif. : ebrary, 2014. Available via World Wide Web. Access may be limited to ebrary affiliated libraries.
600 10 - SUBJECT ADDED ENTRY--PERSONAL NAME
Personal name Fairbairn, W. Ronald D.
Fuller form of name (William Ronald Dodds)
650 #0 - SUBJECT ADDED ENTRY--TOPICAL TERM
Topical term or geographic name as entry element Object relations (Psychoanalysis)
655 #0 - INDEX TERM--GENRE/FORM
Genre/form data or focus term Electronic books.
700 1# - ADDED ENTRY--PERSONAL NAME
Personal name Clarke, Graham S.
Personal name Scharff, David E.,
Dates associated with a name 1941-
Personal name Armstrong-Perlman, Eleanore M.
776 08 - ADDITIONAL PHYSICAL FORM ENTRY
Display text Print version:
Title Fairbairn and the object-relations tradition.
Place, publisher, and date of publication London, England : Karnac, c2014
Physical description xxxii, 520 pages
Series data for related item Lines of development.
International Standard Book Number 9781780490823
797 2# - LOCAL ADDED ENTRY--CORPORATE NAME (RLIN)
Corporate name or jurisdiction name as entry element ebrary.
856 40 - ELECTRONIC LOCATION AND ACCESS
Uniform Resource Identifier <a href="http://site.ebrary.com/lib/rucke/Doc?id=10827816">http://site.ebrary.com/lib/rucke/Doc?id=10827816</a>
Public note An electronic book accessible through the World Wide Web; click to view

No items available.

© 2026 Rongo University
Contact us: librarian | system librarian | Rongo university